1238 1323 1043 1476 1973 1016 1263 1730 1722 1496 1520 1699 1872 1863 1383 1078 1240 1787 1925 1180 1584 1580 1048 1979 1311 1001 1765 1758 1546 1030 1948 1551 1511 1472 1601 1332 1849 1031 1222 1669 1485 1366 1370 1885 1743 1846 1025 1879 1734 1973 1003 1518 1217 1750 1560 1974 1089 1293 1462 1376 1094 1896 1617 1657 1124 1685 1934 1980 1753 1590 1148 1357 1904 1697 1830 1571 1293 1043 1241 1261 1329 1493 1148 1413 1202 1213 1568 1588 1220 1837 1357 1974 1874 1560 1718 1481 1767 1309 1447 BCNSPRNW ULIB Ver.6.0+V

เปลี่ยนเป็นภาษาไทย

Change to English
 แสดงรายละเอียดบรรณานุกรม
  กลับหน้าหลัก

Brief Record : Get Marc (ISO 2709) : E-mail record : QR code < ปิดหน้าต่าง
LEADER : 00000nam 2200000uu 4500
001    13399112380
003     ULIB
008    110627s2551||||th 000 0 tha d
020    9789748485427
090    นว.^bซ239จ 2551
100 0  ซิคล์
245 00 จี๊ดรักกยัยคุณหนูซุปเปอร์สตาร์/^cซิคล์
250    พิมพ์ครั้งที่ 1
260    กรุงเทพฯ :^b1168 พับลิชชิ่ง,^c2551
300    316 หน้า
710 1  1168 พับลิชชิ่ง
945    ^p199^l0^i024494
995    ทศพร
999 ^a ใช้งานได้ทุกระบบ
รายการนี้ยังไม่มีแท็ก
คุณยังไม่ได้ล็อกอิน คุณสามารถมีกิจกรรมร่วมกับเว็บไซต์ได้ แต่ต้องล็อกอินก่อน ::
  ล็อกอิน

รายการสื่อสารสนเทศ

ลำดับที่ ประเภท เลขเรียก/บาร์โค้ด สถานที่ สถานะ
- ไม่พบข้อมูล -

BibComment


ยังไม่เคยถูกคอมเมนท์

คอมเมนท์ทรัพยากรรายการนี้
  คอมเมนท์: จี๊ดรักกยัยคุณหนู..


 Copyright 2026. Bcnsprnw @Library